| 000 | 00767cam a22002651 4500 | ||
|---|---|---|---|
| 001 | 29316 | ||
| 003 | BD-RjUL | ||
| 005 | 20211209051410.0 | ||
| 008 | 140403s1965 nyu b 001 0 eng d | ||
| 035 | _a(BD-RjUL)29401 | ||
| 035 | _a(OCoLC)345016 | ||
| 040 |
_aDLC _cOClW _dORootN _dOCoLC _dUk _dDLC _dBD-RjUL _beng |
||
| 041 | _aeng | ||
| 060 | _aWM 420 H735f 1965 | ||
| 082 | 0 | 0 |
_a616.8916 _bHOF 1965 |
| 100 | 1 |
_aHolland, Glen A. _989443 |
|
| 245 | 1 | 0 |
_aFundamentals of psychotherapy / _cby Glen A. Holland. |
| 260 |
_aNew York : _bHolt, Rinehart and Winston, _c1965. |
||
| 300 |
_axi, 308 p. ; _c24 cm. |
||
| 504 | _aIncludes bibliographies. and Index | ||
| 650 | 0 |
_aPsychotherapy. _989444 |
|
| 942 |
_2ddc _cBK |
||
| 999 |
_c29316 _d29316 |
||